000 02242nam0a22003491 4500
001 RU\NLR\A1\29314
005 20260407070536.0
035 _a(NLR Aleph) 009681851
090 _a9705104
_c9705104
100 _a20011008d1799 u y0rusy50 ca
101 0 _arus
102 _aRU
200 1 _aСвятейшаго правительствующаго синода члену, великому господину, высокопреосвященнейшему Платону, митрополиту Московскому и Калужскому, Святотроицкия Сергиевы лавры священноархимандриту... в день тезоименитства его высокопреосвященства ноября 18 дня, 1799 года
210 _aМ.
_cУнив. тип., у Хр. Ридигера и Хр. Клаудия
_d[1799]
215 _a8 с.
_d
304 _aВ конце текста авт.: Максим Невзоров
321 1 _aСК XVIII 4530
518 1 _aСвятейшего правительствующего синода члену, великому господину, высокопреосвященнейшему Платону, митрополиту Московскому и Калужскому, Святотроицкой Сергиевы лавры священноархимандриту... в день тезоименитства его высокопреосвященства ноября 18 дня, 1799 года
620 _dМосква
700 1 _aНевзоров
_bМ.И.
_f1763-1827
_gМаксим Иванович
_4070
702 1 _aРидигер
_bХ.
_gХристиан
_4610
702 1 _aКлаудий
_bХ.А.
_f-1805
_gХристофор Александрович
_4610
702 0 _4610
_7ca
_8rus
_aПлатон
_cЛевшин, Пётр Георгиевич
_cмитрополит Московский и Коломенский
_f1737-1812
_3RU\NLR\AUTH\770159115
_9159074
712 0 2 _aМосковский университет
_bТипография
_4610
801 0 _aRU
_bNLR
_c20011008
830 _aВопрос РГБ
899 _aРГБ
899 _aРГБ
942 _cBOOK
980 _aNB
980 _aA1XVIIIv